|
|
|
|
| LEADER |
00000nab a2200000 a 4500 |
| 001 |
vtls000164862 |
| 003 |
SK-MaSNL |
| 005 |
20260303210725.0 |
| 008 |
111104c1983 xo 0 slo |
| 015 |
|
|
|a SNBRB19rr/mm-uuuuu
|
| 035 |
|
|
|a CL0174973
|
| 040 |
|
|
|a SNKBUCL
|b slo
|c SNKBUCL
|e AACR2
|
| 041 |
0 |
|
|a slo
|
| 044 |
|
|
|a xo
|c SK
|
| 080 |
|
|
|a 796.035:061.3
|2 1981
|
| 080 |
|
|
|a 061.3
|2 1981
|
| 100 |
1 |
|
|a Pomichal, Ľudovít,
|d 1957-
|4 aut
|9 7365
|
| 245 |
1 |
0 |
|a Pohyb - najlepší recept na zdravie
|b Skončil sa 10. medzinárodný seminár CIE PSS
|c Ľudovít Pomichal
|
| 650 |
0 |
7 |
|a šport rekreačný
|2 snkbucl
|9 695635
|
| 650 |
0 |
7 |
|a voľný čas
|2 snkbucl
|9 3355
|
| 651 |
|
7 |
|a 5211
|2 snkbucl
|9 283191
|
| 655 |
|
7 |
|a články z novín a časopisov
|2 snkbucl
|9 267496
|
| 773 |
0 |
|
|t Šport
|g Roč. 37, č. 232 (1. 10. 1983), s. 5
|
| 850 |
|
|
|a Slovenská národná knižnica v Martine
|a MTA001
|
| 852 |
|
|
|a SNK
|b KIS3GCP
|
| 958 |
|
|
|a RK
|
| 992 |
|
|
|a RBX
|
| 999 |
|
|
|c 2201368
|d 2203298
|